Statistiken für Alle Borussia Dortmund Spieler, die unter Jürgen Klopp spielten

Klicken Sie hier um das Quiz zu spielen!

Allgemein

  • Dieses Quiz wurde 372 mal gespielt
  • Das Durchschnittsergebnis liegt bei 25 aus 70

Antwortstatistiken

EinsätzeNationalitätSpieler% Korrekt
242DeutschlandMats Hummels
95%
121DeutschlandMarco Reus
92%
186PolenRobert Lewandowski
92%
279DeutschlandRoman Weidenfeller
87%
246SerbienNeven Subotic
83%
109JapanShinji Kagawa
82%
116DeutschlandMario Götze
79%
93GabunPierre-Emerick Aubameyang
79%
232DeutschlandMarcel Schmelzer
78%
225PolenJakub Blaszczykowski
76%
178TürkeiNuri Sahin
76%
102ParaguayLucas Barrios
69%
235DeutschlandKevin Großkreutz
67%
191PolenLukasz Piszczek
65%
179DeutschlandSebastian Kehl
65%
73GriechenlandSokratis
62%
36BrasilienDedê
59%
117DeutschlandIlkay Gündogan
58%
35AustralienMitchell Langerak
57%
34ItalienCiro Immobile
53%
113BrasilienFelipe Santana
53%
87ArmenienHenrikh Mkhitaryan
53%
180DeutschlandSven Bender
52%
73ÄgyptenMohamed Zidan
51%
64KroatienIvan Perisic
45%
65ParaguayNelson Valdez
39%
57DeutschlandErik Durm
38%
33SchweizAlex Frei
36%
29KolumbienAdrián Ramos
34%
57DeutschlandJulian Schieber
30%
84DeutschlandPatrick Owomoyela
30%
1KroatienMladen Petric
29%
16SlowenienKevin Kampl
28%
41BrasilienTinga
27%
29SerbienMilos Jojic
24%
54DeutschlandMoritz Leitner
24%
36DeutschlandFlorian Kringe
23%
20DeutschlandMatthias Ginter
23%
58UngarnTamás Hajnal
23%
33BrasilienAntônio da Silva
22%
22SüdkoreaYoung-pyo Lee
22%
11GhanaKevin-Prince Boateng
20%
44DeutschlandJonas Hofmann
19%
7DeutschlandLeonardo Bittencourt
18%
30DeutschlandOliver Kirch
17%
8DeutschlandMarvin Ducksch
15%
11ArgentinienDiego Klimowicz
14%
14BulgarienDimitar Rangelov
14%
3SüdafrikaDelron Buckley
13%
3ItalienGiovanni Federico
12%
8DeutschlandMarc Ziegler
12%
7KroatienRobert Kovac
12%
8FrankreichDamien Le Tallec
10%
7SerbienAntonio Rukavina
9%
11DeutschlandChris Löwe
9%
15DeutschlandManuel Friedrich
9%
3DeutschlandMarc-André Kruska
9%
2DeutschlandUwe Hünemeier
9%
20DeutschlandMarkus Feulner
8%
7DeutschlandMarco Stiepermann
7%
3DeutschlandMarian Sarr
7%
1DeutschlandKoray Günter
6%
5DeutschlandBajram Sadrijaj
5%
1UngarnBálint Bajner
5%
3DeutschlandJeremy Dudziak
4%
2DeutschlandJulian Koch
4%
2TürkeiYasin Öztekin
4%
1USAJoe Gyau
3%
1JapanMitsuru Maruoka
3%
7DeutschlandChristopher Kullmann
2%

Verteilung der Resultate

Perzentil nach korrekt beantworteten Fragen

Anzahl Personen mit jedem Resultat

Ihre Resultats-Entwicklung

Sie haben dieses Quiz noch nicht gespielt